Obálka
Pro půjčování e-knih musíte být přihlášeni.
Jak si půjčit online?

Bílá nemoc /

Karel Čapek (*9.1.1890 - †25.12.1938) napsal své protiválečné drama podle svých vlastních slov jako reakci na "konflikt ideálů demokracie s ideály neomezených a ctižádostivých diktatur". Dílo vzniklo nedlouho před vypuknutím 2. světové války v roce 1937; reaguje na současnou situaci v Evro...

Celý popis

Uloženo v:
Hlavní autor: Čapek, Karel (Autor)
Další autoři: Švehlík, Alois (Autor), Trojan, Ladislav (Vypravěč-komentátor), Hrušínský, Rudolf (Vypravěč-komentátor), Rösner, Boris (Vypravěč-komentátor), Fišar, Vlastimil (Vypravěč-komentátor), Šulcová, Jana (Vypravěč-komentátor), Němec, František (Vypravěč-komentátor), Růžek, Martin (Vypravěč-komentátor), Řanda, Čestmír (Vypravěč-komentátor), Bláha, Josef (Vypravěč-komentátor)
Médium: E-audiokniha
Vydáno: Praha : Supraphon a.s., 2013
Tagy:
Žádné tagy
LEADER 02477nim a22003737i 4500
001 313311
007 sr nunnnnnnned
024 |a 099925931025 
044 |a xr 
100 1 |a  Čapek, Karel  |4 aut 
245 1 0 |a Bílá nemoc /  |c  Čapek, Karel 
264 1 |a Praha :  |b Supraphon a.s.,  |c 2013 
300 |a 1 online zdroj (2 hod., 5 min., 12 sek.) 
336 |a mluvené slovo  |b spw  |2 rdacontent 
337 |a audio  |b s  |2 rdamedia 
338 |a online zdroj  |b cr  |2 rdacarrier 
505 0 0 |t 1. cast (53 min., 29 sek.) 
505 0 0 |t 2. cast (36 min., 3 sek.) 
505 0 0 |t 3. cast (35 min., 36 sek.) 
520 2 |a Karel Čapek (*9.1.1890 - †25.12.1938) napsal své protiválečné drama podle svých vlastních slov jako reakci na "konflikt ideálů demokracie s ideály neomezených a ctižádostivých diktatur". Dílo vzniklo nedlouho před vypuknutím 2. světové války v roce 1937; reaguje na současnou situaci v Evropě a předpovídá válku; je silně antifašistické, protiválečné a je plné symboliky. V jisté neidentifikované zemi se objevuje diktátor, který chce válku, ale zároveň s ním se objevuje strašlivá nemoc, která zabijí lidi. Touto nemocí onemocní i diktátor, jeden chudinský a mírumilovný lékař Galén nachází proti ní účinný lék. Nabízí diktátorovi, že ho vyléčí výměnou za mír... Bílá nemoc není ve skutečnosti tělesnou nemocí, ale představuje nemocnou mysl nakaženou ideologií fašismu a nacismu. V dramatizaci, kterou vydal Supraphon v roce 1982 na LP pod kat.číslem 1118 3131, účinkují skvělé herecké osobnosti jako např. Rudolf Hrušínský, Václav Voska, Boris Rösner, Dana Medřická, Martin Růžek, Alos Švehlík, Čestmír Řanda, Jana Šulcová a další 
700 1 |a  Švehlík, Alois  |4 nrt 
700 1 |a  Trojan, Ladislav  |4 nrt 
700 1 |a  Hrušínský, Rudolf  |4 nrt 
700 1 |a  Rösner, Boris  |4 nrt 
700 1 |a  Fišar, Vlastimil  |4 nrt 
700 1 |a  Šulcová, Jana  |4 nrt 
700 1 |a  Němec, František  |4 nrt 
700 1 |a  Růžek, Martin  |4 nrt 
700 1 |a  Řanda, Čestmír  |4 nrt 
700 1 |a  Bláha, Josef  |4 nrt 
910 |a RBIT002 
998 |d 402778  |a https://core.palmknihy.cz/api/books/402778/cover?sbu2g4  |b https://core.palmknihy.cz/api/books/402778/cover/400?sbu2g4  |c https://core.palmknihy.cz/api/books/402778/cover/50?sbu2g4  |e 2099-01-01  |i 099925931025  |l 7512  |q 49  |r 1  |s https://www.palmknihy.cz/kniha/402778  |t audiobook  |y 2013  |z 1 
999 |d 313309